|
|
|
|
| LEADER |
00000ny a22000003n 4500 |
| 005 |
20110517114818.0 |
| 007 |
co ce m|a|a |
| 008 |
071129c20059999sp dr p s0 b0spa c |
| 035 |
|
|
|a 83
|
| 040 |
|
|
|a SpMaUCMA
|d vLex
|
| 080 |
|
|
|a 35(05)(0.034)
|
| 090 |
|
|
|c 2009
|d 2009
|
| 110 |
1 |
|
|a Madrid.
|b Gobierno
|
| 245 |
1 |
0 |
|a Boletn̕ oficial de la Comunidad de Madrid
|h [Recurso electrn̤ico]
|
| 246 |
3 |
|
|a BOCM
|
| 256 |
|
|
|a Servicio en ln̕ea
|
| 260 |
|
|
|a Madrid :
|b Comunidad de Madrid
|
| 310 |
|
|
|a Mensual
|
| 650 |
0 |
4 |
|a Derecho
|x Legislacin̤
|z Espaą
|z Madrid (Comunidad Autn̤oma)
|x Publicaciones perid̤icas
|
| 710 |
1 |
|
|a Madrid (Comunidad Autn̤oma)
|
| 740 |
0 |
|
|a vLex Revista (Servicios en ln̕ea)
|
| 843 |
|
|
|a Electrn̤ica. Abierta
|
| 853 |
|
|
|8 1
|i (year)
|j (month)
|k (day)
|
| 856 |
4 |
0 |
|u http://vlex.com/account/login_ip?fuente_id=83
|z Acceso restringido
|
| 942 |
|
|
|c REV
|